00633cam a2200217 a 45000010005000000030009000050050017000140080041000310200015000720200015000870400038001020820021001401000022001612450065001832500012002482600041002603000046003015000020003476500027003677000021003943792BD-DhUAP20201224135419.0201222s1997 nyuabf b f000 0 eng  a0256169179 a0256169292 aBD-DhUAPcBD-DhUAPdBD-DhUAPbEng a658.1511 GAR223 aGarrison, Ray H.  aManagerial accounting /cRay H. Garrison and Eric W. Noreen. a8th ed. aBoston :bIrwin McGraw-Hill,cc1997. axvi, 859 pages :billustrations ;c29 cm. aIncludes index. aManagerial accounting. aNoreen, Eric W.